000 00714cam a2200253 a 4500
003 UPN
005 20220606151932.0
008 191211s2004 mx gr 000 f spa d
020 _a9706519246
035 _aUPN01000234786
040 _aMX-MxUPN
_bspa
_cMX-MxUPN
050 _aCT1877.5 K48
_bS44 2004
100 1 _aSeierstad, Asne,
_d1970-
_944726
245 1 3 _aEl librero de Kabul
250 _aPrimera edición
260 _aMéxico :
_bOcéano:
_bMaeva ,
_c2004.
300 _a285 páginas
490 _aVivencias y personajes
600 3 4 _921229
_aKhan, Familia
650 0 _921228
_aLibreros y librerías
_zKabul, Afganistán
905 _aLibro
942 _n0
_2lcc
_cLIBRO
999 _c206881
_d206881